LEADER 01175nam--2200373---450- 001 990000313850203316 010 $a0-521-55376-8 035 $a0031385 035 $aUSA010031385 035 $a(ALEPH)000031385USA01 035 $a0031385 100 $a20001213d1996----km-y0itay0103----ba 101 $aeng 102 $aGB 105 $a||||||||001yy 200 1 $a<> first course in the numerical analysis of differential equations$fArieh Iserles 210 $aCambridge$cUniversity Press$dc1996 215 $aXVI, 378 p.$cill.$d25 cm 225 2 $aCambridge texts in applied mathematics 410 1$12001$1Cambridge texts in applied mathematics 610 0 $aEquazioni differenziali 610 0 $aAnalisi numerica 676 $a515.35 700 1$aISERLES,$bArieh$021831 801 0$aIT$bsalbc$gISBD 912 $a990000313850203316 951 $a515.35 ISE$bCBS 0025420$c515$d00100376 959 $aBK 969 $aSCI 979 $aTAMI$b40$c20001213$lUSA01$h1521 979 $c20020403$lUSA01$h1639 979 $aPATRY$b90$c20040406$lUSA01$h1622 996 $aFirst course in the numerical analysis of differential equations$934050 997 $aUNISA LEADER 00978nam a2200241 i 4500 001 991004072399707536 008 081204s2008 it b 000 0 ita d 020 $a9788814142857 035 $ab13796173-39ule_inst 040 $aDip.to Studi Giuridici$bita 082 0 $a346.45082178$222 100 1 $aCiraolo, Francesco$0283076 245 13$aLe carte di debito nell'ordinamento italiano :$bil servizio bancomat /$cFrancesco Ciraolo 260 $aMilano :$bGiuffrè,$c2008 300 $avii, 263 p. ;$c24 cm 440 0$aUniversità di Messina, dipartimento di diritto dell'economia e dell'impresa ;$v8 504 $aBibliografia: p. 251-263 907 $a.b13796173$b02-04-14$c04-12-08 912 $a991004072399707536 945 $aLE027 346.08 CIR01.01$g1$i2027000217588$lle027$o-$pE27.00$q-$rl$s- $t0$u0$v0$w0$x0$y.i14917051$z19-01-09 996 $aCarte di debito nell'ordinamento italiano$91017804 997 $aUNISALENTO 998 $ale027$b04-12-08$cm$da $e-$fita$git $h3$i0